Divergent Factions - Statistics

General Stats
  • This quiz has been taken 1,581 times
  • The average score is 4 of 5
Answer Stats
Hint Answer % Correct
Dauntless The Brave
95%
Candor The Honest
92%
Abnegation The Selfless
90%
Erudite The Intelligent
69%
Amity The Peaceful
67%
No matching quizzes found
Score Distribution
Percent of People with Each Score
Percentile by Number Answered
Your Score History
You have not taken this quiz